000 01185cam a2200337Ia 4500
001 41209
005 20230410101710.0
008 070725s2007 qucag b 000 0 fre d
035 _a(OCoLC)ocn156978357
040 _aUAB
_cUAB
020 _a9782923153629
020 _a2923153626
035 _a(OCoLC)156978357
050 1 4 _a110 ML 3565
_bC458 2007
245 0 0 _aChansons de la montagne, de la plaine et de la mer /
_c[recueillies par] René Victor ; preface de Jean Price-Mars ; introduction et transcription musicale par Werner A. Jaegerhuber ; illustrations de Georges Ramponeau.
260 _aMontréal :
_bMémoire d'encrier,
_c[2007]
300 _a141 p. :
_bill., music ;
_c22 cm.
440 0 _aCollection Soláey
504 _aIncludes bibliographical references (p. 141).
650 0 _aFolk songs, Creole
_zHaiti
_xHistory and criticism.
650 0 _aFolk songs, Creole
_zHaiti
_vTexts.
650 0 _aSea songs
_zHaiti.
650 0 _aFolk music
_zHaiti.
650 4 _aCEH
650 4 _aColección Estudios Haitianos
700 1 _aVictor, René.
700 1 _aJaegerhuber, Werner Anton.
936 _aPR 81601477
942 _2lcc
_cbk
994 _aC0
_bDRFGD
999 _c12310
_d12310